Statistics for Every EFL League One Goalscorer (2022/23)

Click here to take the quiz!

General Stats

  • This quiz has been taken 9 times
  • The average score is 50 of 373

Answer Stats

Player% Correct
Colby Bishop
83%
Teddy Bishop
83%
Adam May
67%
Alfie May
67%
Bali Mumba
67%
Barry Bannan
67%
Declan John
67%
Eiran Cashin
67%
Michael Smith
67%
Sam Smith
67%
Tyreece John-Jules
67%
Aaron Collins
50%
Adam Jackson
50%
Cameron Brannagan
50%
Conor Chaplin
50%
David McGoldrick
50%
George Hirst
50%
Jack Marriott
50%
James Collins
50%
Jay Stansfield
50%
Jesurun Rak-Sakyi
50%
Jonny Smith
50%
Jonson Clarke-Harris
50%
Kayden Jackson
50%
Kyle Edwards
50%
Leif Davis
50%
Matt Smith
50%
Max Bird
50%
Nathan Smith
50%
Rekeem Harper
50%
Sam Morsy
50%
Wes Burns
50%
Adam Randell
33%
Anis Mehmeti
33%
Antony Evans
33%
Archie Collins
33%
Cameron Burgess
33%
Cameron Humphreys
33%
Charlie Brown
33%
Charlie Savage
33%
Cole Stockton
33%
Dane Scarlett
33%
Devante Cole
33%
Djavan Anderson
33%
Dominic Gape
33%
Ephron Mason-Clark
33%
Freddie Ladapo
33%
Gassan Ahadme
33%
George Edmundson
33%
George Thomas
33%
Harrison Burrows
33%
Jahmari Clarke
33%
James Norwood
33%
Jason Knight
33%
Joe Edwards
33%
Jonathan Leko
33%
Josh Knight
33%
Kwame Poku
33%
Lee Evans
33%
Luke Thomas
33%
Luke Woolfenden
33%
Macauley Bonne
33%
Marcus Harness
33%
Massimo Luongo
33%
Michael Jacobs
33%
Mohamed Eisa
33%
Morgan Whittaker
33%
Nathan Broadhead
33%
Nick Freeman
33%
Ricardo Santos
33%
Ronan Curtis
33%
Ryan Hardie
33%
Aaron Morley
17%
Adam Mayor
17%
Aidan Keena
17%
Anthony Scully
17%
Ben House
17%
Ben Thompson
17%
Ben Waine
17%
Bobby Thomas
17%
Bradley Johnson
17%
Callum Morton
17%
Chem Campbell
17%
Chris Forino
17%
Ciaron Brown
17%
Connor Hall
17%
Conor Bradley
17%
Conor Grant
17%
Conor Hourihane
17%
Daniel Butterworth
17%
Dan Nlundulu
17%
Danny Mayor
17%
Dan Scarr
17%
Dapo Afolayan
17%
David Wheeler
17%
Davis Keillor-Dunn
17%
Dennis Adeniran
17%
Dennis Politic
17%
Dion Charles
17%
Donald Love
17%
Dylan Duffy
17%
Elliott Moore
17%
Ethan Hamilton
17%
Finn Azaz
17%
Garath McCleary
17%
George Byers
17%
George Dobson
17%
Gethin Jones
17%
Harrison Holgate
17%
Herbie Kane
17%
Jack Diamond
17%
Jack Lankester
17%
Jack Payne
17%
James Henry
17%
James Olayinka
17%
James Plant
17%
James Scott
17%
James Wilson
17%
Jamille Matt
17%
Jason McCarthy
17%
Jayden Stockley
17%
Jevani Brown
17%
Joe Jacobson
17%
Joe Pigott
17%
Joe Walsh
17%
John Marquis
17%
Jón Daði Böðvarsson
17%
Jordan Moore-Taylor
17%
Jordan Shipley
17%
Jordan Williams
17%
Josh Coburn
17%
Josh Earl
17%
Josh Scowen
17%
Josh Walker
17%
Josh Windass
17%
Kieran Lee
17%
Lewis Bate
17%
Lewis Dobbin
17%
Lewis Wing
17%
Liam Sercombe
17%
Louie Sibley
17%
Louis Thompson
17%
Mads Andersen
17%
Mark McGuinness
17%
Marvin Johnson
17%
Matthew Pennington
17%
Matty Taylor
17%
Matty Virtue
17%
Miles Leaburn
17%
Mipo Odubeko
17%
Myles Peart-Harris
17%
Nathaniel Mendez-Laing
17%
Nathan Thompson
17%
Niall Ennis
17%
Olamide Shodipo
17%
Owen Dale
17%
Randell Williams
17%
Reece Brown
17%
Reeco Hackett
17%
Rob Street
17%
Ryan Tafazolli
17%
Sam Cosgrove
17%
Sam Nombe
17%
Sam Vokes
17%
Sam Winnall
17%
Scott Fraser
17%
Sean McConville
17%
Shaun Rooney
17%
Shola Shoretire
17%
Sullay Kaikai
17%
Terell Thomas
17%
Tjay De Barr
17%
Tom Barkhuizen
17%
Tom Bayliss
17%
Tommy Leigh
17%
Tyreece Campbell
17%
Will Grigg
17%
William Osula
17%
Will Vaulks
17%
Aaron Donnelly
0%
Aaron Pressley
0%
Adam Phillips
0%
Aden Flint
0%
Admiral Muskwe
0%
Adrian Mariappa
0%
Akin Famewo
0%
Albie Morgan
0%
Alex Mighten
0%
Amadou Bakayoko
0%
Anthony O'Connor
0%
Arthur Gnahoua
0%
Ashley Hunter
0%
Baily Cargill
0%
Ben Garrity
0%
Ben Williams
0%
Billy Bodin
0%
Bobby Kamwa
0%
Brandon Hanlan
0%
Brendan Wiredu
0%
Caleb Taylor
0%
Caleb Watts
0%
Callum Paterson
0%
Callum Styles
0%
Callum Wright
0%
Carl Johnston
0%
Carlos Mendes Gomes
0%
Charlie Kirk
0%
Cheick Diabate
0%
Chey Dunkley
0%
Christian Saydee
0%
Chuks Aneke
0%
Cian Hayes
0%
Connor Ogilvie
0%
Connor Wickham
0%
Conor Shaughnessy
0%
Corey Blackett-Taylor
0%
Dale Taylor
0%
Daniel Batty
0%
Daniel Crowley
0%
Daniel Harvie
0%
Danny Andrew
0%
Danny Mandroiu
0%
David Worrall
0%
Deji Oshilaja
0%
Demetri Mitchell
0%
Elliot Bonds
0%
Elliott Bennett
0%
Ellis Harrison
0%
Eoghan O'Connell
0%
Eoin Toal
0%
Ethan Robson
0%
Farrend Rawson
0%
Fejiri Okenabirhie
0%
Fisayo Dele-Bashiru
0%
Frankie Kent
0%
Funso Ojo
0%
Gatlin O'Donkor
0%
Gavin Massey
0%
George Johnston
0%
Gerard Garner
0%
Grant Ward
0%
Harrison Dunk
0%
Harry Kite
0%
Harvey Bunker
0%
Harvey Knibbs
0%
Harvey Macadam
0%
Harvey Rodgers
0%
Haydon Roberts
0%
Hector Kyprianou
0%
Henry Lawrence
0%
Jack Aitchison
0%
Jack Sparkes
0%
Jack Taylor
0%
Jack Tucker
0%
Jake Caprice
0%
James Bolton
0%
James Connolly
0%
Jamie Proctor
0%
Jay Matete
0%
Jensen Weir
0%
Joe Garner
0%
Joe Ironside
0%
Joe Morrell
0%
Joe Powell
0%
Joe Pritchard
0%
Joe Ward
0%
John Brayford
0%
John Mousinho
0%
Jonathan Grounds
0%
Jordon Garrick
0%
Josh Benson
0%
Josh Koroma
0%
Josh March
0%
Josh Martin
0%
Josh Sheehan
0%
Joshua Key
0%
Josh Vela
0%
Josh Woods
0%
Junior Quitirna
0%
Kevin McDonald
0%
Kieran Phillips
0%
Kieran Sadlier
0%
Killian Phillips
0%
Korede Adedoyin
0%
Kyle Dempsey
0%
Kyle Joseph
0%
Kyle McAllister
0%
Lasse Sørensen
0%
Lee Gregory
0%
Lewis Gibson
0%
Lewis Simper
0%
Liam Coyle
0%
Liam Kitching
0%
Liam O'Neil
0%
Liam Palmer
0%
Liam Shaw
0%
Lloyd Jones
0%
Louie Barry
0%
Luca Connell
0%
Luca Hoole
0%
Luke Leahy
0%
Luke Mbete
0%
Macaulay Gillesphey
0%
Mal Benning
0%
Mallik Wilks
0%
Marcus Browne
0%
Mark Helm
0%
Marlon Pack
0%
Matt Butcher
0%
Matthew Dennis
0%
Max Dean
0%
Max Sanders
0%
Max Watters
0%
Michael Nottingham
0%
Mustapha Carayol
0%
Nathanael Ogbeta
0%
Nathan Holland
0%
Nicky Cadden
0%
Oumar Niasse
0%
Paddy Lane
0%
Paris Maghoma
0%
Paudie O'Connor
0%
Paul Digby
0%
Phoenix Patterson
0%
Pierce Sweeney
0%
Promise Omochere
0%
Regan Hendry
0%
Regan Poole
0%
Rekeil Pyke
0%
Ricky-Jade Jones
0%
Robbie Cundy
0%
Rosaire Longelo
0%
Ryan Astley
0%
Ryan Bowman
0%
Ryan Broom
0%
Ryan Delaney
0%
Ryan Inniss
0%
Ryan Loft
0%
Ryan Tunnicliffe
0%
Ryley Towler
0%
Saikou Janneh
0%
Sam Hughes
0%
Sam Long
0%
Saxon Earley
0%
Scott Sinclair
0%
Sean Clare
0%
Sean Long
0%
Sean Raggett
0%
Sean Roughan
0%
Shaun Whalley
0%
Shilow Tracey
0%
Slobodan Tedić
0%
Sonny Cox
0%
Steven Sessegnon
0%
Steve Seddon
0%
Taylor Perry
0%
Timothée Dieng
0%
Tom Bradbury
0%
Tom Conlon
0%
Tom Flanagan
0%
Tom Hamer
0%
Tom Hopper
0%
Tom Pett
0%
Tyler Goodrham
0%
Tyreeq Bakinson
0%
Victor Adeboyejo
0%
Warren O’Hora
0%
Will Forrester
0%
Yanic Wildschut
0%
Zak Jules
0%
Zak Swanson
0%

Score Distribution

Percentile by Number Answered

Percent of People with Each Score

Your Score History

You have not taken this quiz